Powerpoint presentation for Beginners / (Record no. 305542)
[ view plain ]
| 000 -LEADER | |
|---|---|
| fixed length control field | 00423nam a2200157Ia 4500 |
| 008 - FIXED-LENGTH DATA ELEMENTS--GENERAL INFORMATION | |
| fixed length control field | 170203s9999 xx 000 0 und d |
| 050 ## - LIBRARY OF CONGRESS CALL NUMBER | |
| Classification number | 5.3 |
| 050 ## - LIBRARY OF CONGRESS CALL NUMBER | |
| Item number | .H668p 2004 |
| 245 ## - TITLE STATEMENT | |
| Title | Powerpoint presentation for Beginners / |
| 245 ## - TITLE STATEMENT | |
| Statement of responsibility, etc | Madrid-Hirata, Evangeline |
| 260 ## - PUBLICATION, DISTRIBUTION, ETC. (IMPRINT) | |
| Place of publication, distribution, etc | Philippines : |
| 260 ## - PUBLICATION, DISTRIBUTION, ETC. (IMPRINT) | |
| Name of publisher, distributor, etc | Hyperbit International Inc. |
| 300 ## - PHYSICAL DESCRIPTION | |
| Extent | 143 pages : |
| 300 ## - PHYSICAL DESCRIPTION | |
| Dimensions | 28 cm. |
| 650 ## - SUBJECT ADDED ENTRY--TOPICAL TERM | |
| General subdivision | powerpoint presentation. |
| Withdrawn status | Lost status | Damaged status | Home library | Current library | Shelving location | Date acquired | Total Checkouts | Full call number | Barcode | Date last seen | Price effective from | Koha item type |
|---|---|---|---|---|---|---|---|---|---|---|---|---|
| Stonyhurst Southville International School (Batangas) | Stonyhurst Southville International School (Batangas) | 02/03/2017 | 005.3 .H668p 2004 | LS- | 02/03/2017 | 02/03/2017 | Books |